000 01486nam a2200373 a 4500
001 33708
003 BD-RjUL
005 20211209052040.0
008 140511s1991 ii b 001 0 eng
020 _a8170243912 :
035 _a(BD-RjUL)33799
040 _aDLC
_cDLC
_dDLC
_dBD-RjUL
_beng
041 _aeng
082 0 0 _a344.540325
_220
_bCHL 1991
100 1 _aChitkara, M. G.,
_d1932-
_9102346
245 1 0 _aLaw and the poor /
_cM.G. Chitkara, P.L. Mehta.
260 _aNew Delhi :
_bAshish Pub. House,
_c1991.
300 _axxiii, 164 p. ;
_c23 cm.
500 _aStudy of the role of the welfare legislations in the upliftment of the poor with special reference to Himachal Pradesh, India.
500 _aIncludes index.
504 _aIncludes bibliographical references (p. 155-159).
650 0 _aPublic welfare
_xLaw and legislation
_zIndia
_zHimachal Pradesh.
_9102347
650 0 _aLegal assistance to the poor
_zIndia
_zHimachal Pradesh.
_9102348
650 0 _aLand reform
_xLaw and legislation
_zIndia
_zHimachal Pradesh.
_9102349
650 0 _aPublic welfare
_xLaw and legislation
_zIndia.
_9102350
650 0 _aLegal assistance to the poor
_zIndia.
_9102351
650 0 _aLand reform
_xLaw and legislation
_zIndia.
_9102352
651 0 _aHimachal Pradesh (India)
_xSocial conditions.
_9102353
651 0 _aIndia
_xSocial conditions.
_9102354
700 1 _aMehta, Piarey Lal,
_d1949-
_9102355
942 _2ddc
_cBK
999 _c33708
_d33708